Možnosť zefektívnenia vyučovacieho procesu za pomoci internetu a techniky bakalárska práca

Salvato in:
Dettagli Bibliografici
Autore principale: Dujčík, Matej
Ente Autore: Fakulta hospodárskej informatiky EU. Katedra aplikovanej informatiky
Altri autori: Barčáková, Nina, 1999-
Natura: Libro
Lingua:slovacco
Pubblicazione: Bratislava 2025
Tags: Aggiungi Tag
Nessun Tag, puoi essere il primo ad aggiungerne!!

MARC

LEADER 00000nbm a2200000 4500
001 0310677
005 20251120134914.7
041 0 |a slo 
044 |a SK 
245 1 0 |a Možnosť zefektívnenia vyučovacieho procesu za pomoci internetu a techniky  |b bakalárska práca  |c Matej Dujčík ; školiteľ: Nina Barčáková 
264 1 |a Bratislava  |c 2025 
300 |a 62 s. 
100 1 |a Dujčík, Matej 
700 1 |a Barčáková, Nina, 1999- 
710 2 |a Fakulta hospodárskej informatiky EU. Katedra aplikovanej informatiky